000 01141nam a2200265 i 4500
001 67244
003 ES-MaACL
005 20250806062538.0
007 t|
008 040511s2004 sp ||||1| spa d
080 _a821.134.2 Mesonero Romanos, Ramón de 1.07
080 _a821.134.2 Cervantes Saavedra, Miguel de 1.07
100 1 _aMontero Padilla, José.
_982534
245 1 3 _aEl cervantismo de Mesonero Romanos /
_cpor José Montero Padilla.
260 _aMadrid :
_bAyuntamiento de Madrid, Concejalía de Gobierno de las Artes :
_bInstituto de Estudios Madrileños,
_c2004.
300 _a24 p. ;
_c21 cm.
490 1 _aCiclo de conferencias: Don Ramón de Mesonero Romanos y su tiempo ;
_v12
500 _aPrecede al tít.: Centro Mesonero Romanos.
600 1 4 _aMesonero Romanos, Ramón de,
_d1803-1882-
_xCrítica e interpretación
_980674
600 1 4 _aCervantes Saavedra, Miguel de,
_d1547-1616-
_xInfluencia
_937606
710 2 _aInstituto de Estudios Madrileños
_94916
830 1 _aCiclo de conferencias: Don Ramón de Mesonero Romanos y su tiempo ;
_v12
_9183143
852 _aES-MaACL
_j2175-F-15
999 _c67244
_d67244